000
00282nam a2200121Ia 4500
008
190216s9999||||xx |||||||||||||| ||und||
100
_a
Unnikrishanan Nair
245
0
_a
Ravi Kiranangal
260
_b
National Book Stall
_c
1968
300
_a
51p
650
_a
Kavithkal
942
_c
BK
999
_c
24580
_d
24580